UBT Library

CRIME SCENE DYNAMICS (Record no. 59514)

000 -LEADER
fixed length control field 00316nam a22001457a 4500
008 - FIXED-LENGTH DATA ELEMENTS--GENERAL INFORMATION
fixed length control field 230412b ||||| |||| 00| 0 eng d
020 ## - INTERNATIONAL STANDARD BOOK NUMBER
International Standard Book Number 9781889315218
041 ## - LANGUAGE CODE
Language code of text/sound track or separate title eng
080 ## - UNIVERSAL DECIMAL CLASSIFICATION NUMBER
Universal Decimal Classification number 34
082 ## - DEWEY DECIMAL CLASSIFICATION NUMBER
Classification number 34MIC
100 ## - Rafti
Rafti 31
101 ## - Shkurtesa
Shkurtesa JURE
245 ## - TITLE STATEMENT
Title CRIME SCENE DYNAMICS
Statement of responsibility, etc MICHELSON .S.R
942 ## - ADDED ENTRY ELEMENTS (KOHA)
Source of classification or shelving scheme
Item type Books
Holdings
Withdrawn status Lost status Source of classification or shelving scheme Damaged status Not for loan Collection code Permanent location Current location Date acquired Total Checkouts Full call number Barcode Date last seen Price effective from Koha item type
          Koleksioni i përgjithshem UBT - Gjilan UBT - Lipjan 04/12/2023   34MIC 002-8000507 04/12/2023 04/12/2023 Books
UBT Library © 2015-2024. All rights reserved University Education for Business and Technology